000 00983cam a22003017a 4500
003 CHAP
005 20220817043349.0
008 971013s1910 r 00010 d
010 _a73246
011 _a74218
035 _a83777
040 _cCHAP
090 _aFolleto 6130
100 0 0 _aGarcía Osés, Ramón.
_946403
245 0 _aCultivo de la alfalfa
260 _aMéxico, D.F. :
_bEstación Agrícola Experimental de Rioverde, S.L.P.,
_c1910
300 _a76 p.
_b: ilus.
490 0 _aEstación Agrícola Experimental de Rioverde, S.L.P. Boletín
590 _aBATCH-UPD
_b10
_c20130110
_lUCH01
_h0536
590 _aBATCH-UPD
_b10
_c20130410
_lUCH01
_h0216
590 _aBATCH-UPD
_b10
_c20130914
_lUCH01
_h0230
590 _aCONVERSION
_b10
_c20130109
_lUCH01
_h1340
650 1 4 _aAlfalfa.
830 0 _aEstación Agrícola Experimental de Rioverde, S.L.P. Boletín
_938208
901 _aBK
942 _cFOLL
949 _aFolleto 6130
_bBC
_cBPP
_d-38562
_eTS1
_i83777
_mD
_si
999 _c73246
_d73246